000 01232nam a2200325 a 4500
001 000111937
003 CHAP
005 20220329144237.0
008 151015s2015 mx a fsm |||||||spa d
010 _a108398
011 _a109370
040 _cCHAP
090 _aTesis
100 1 _aRomero Cervantes, Imelda
_9129950
245 1 3 _aLa problematica del picudo (Scyphophorus acupunctatus Gyllenhal) en plantaciones del maguey pulquero (Agave spp.) en el municipio de Cardona, Hidalgo
_h[En línea]
_bpor Imelda Romero Cervantes.
260 _aChapingo, Méx. :
_bEl autor,
_c2015.
500 _aPara ver el contenido del material haga clic en la liga
502 _aTesis (Ing. Agr. Esp. en Parasitología Agrícola) -- UACH. Departamento de Parasitología Agrícola
590 _aE5995AHE
_b05
_c20151015
_lUCH01
_h1330
590 _aE5995AHE
_b05
_c20151015
_lUCH01
_h1331
590 _aE5995AHE
_b05
_c20151015
_lUCH01
_h1335
650 1 4 _aAgave
_xEnfermedades.
_91075
650 1 4 _aAgave
_xPlagas.
_91086
650 1 4 _aCurculiónidos.
_930507
650 1 4 _aManejo integrado de plagas.
_970365
856 _aFinding aid
_uhttp://10.13.5.2/tesis/sist111937.pdf
_zTeclea aquí
901 _aBK
942 _cTESIS
942 _n0
999 _c108398
_d108398